| 000 | 00593nam a22002177a 4500 | ||
|---|---|---|---|
| 005 | 20241205164854.0 | ||
| 008 | 241205b ||||| |||| 00| 0 eng d | ||
| 040 | _cAL | ||
| 041 | _aeng | ||
| 082 |
_223 _a519.5 _bGEOB |
||
| 100 |
_aSaji George _9188047 |
||
| 245 | _aBusiness Statistics | ||
| 260 |
_aBengaluru _bMPP House _c2024 |
||
| 300 |
_a383p, _bPB _c23x15cm. |
||
| 365 |
_2Law _a1060 _b434.35 _c₹ _d595.00 _e27% _f28-11-2024 |
||
| 650 |
_aPartition _9188048 |
||
| 650 |
_aValues _9188049 |
||
| 650 |
_aStatistical Data _9188050 |
||
| 700 |
_aGEORGE (Saji) _9188051 |
||
| 942 |
_2ddc _cBK |
||
| 999 |
_c232146 _d232146 |
||